| 000 | 01319cac a22003131u 4500 | ||
|---|---|---|---|
| 090 | _c6436 | ||
| 008 | 081204t 2007xxu||||| |||| 00| 0 eng d | ||
| 010 | _a 2006042045 | ||
| 020 | _a0073100919 (alk. paper) | ||
| 020 | _a9780073100913 | ||
| 035 | _a(OCoLC)ocm64085094 | ||
| 082 | 0 | 0 |
_a657 _bANT |
| 100 | _aAnthony, Robert N. | ||
| 245 | 1 | 0 |
_aAccounting : _btext and cases / _cRobert N. Anthony, David F. Hawkins, Kenneth A. Merchant. |
| 250 | _a12th ed. | ||
| 260 |
_aBoston [Mass.] : _bMcGraw-Hill Irwin, _cc2007. |
||
| 260 | _bDistributer: Al-Ahram | ||
| 300 |
_axxvi, 933 p. : _bill. ; _c27 cm. |
||
| 504 | _aIncludes bibliographical references and indexes. | ||
| 650 | 0 | _aAccounting. | |
| 650 | 0 |
_aAccounting _vCase studies. |
|
| 700 | 1 | _aHawkins, David F. | |
| 700 | 1 | _aMerchant, Kenneth A. | |
| 856 | 4 | 2 |
_3Publisher description _uhttp://www.loc.gov/catdir/enhancements/fy0629/2006042045-d.html |
| 856 | 4 | 2 |
_3Table of contents _uhttp://www.loc.gov/catdir/enhancements/fy0629/2006042045-t.html |
| 856 | 4 | 2 |
_3Contributor biographical information _uhttp://www.loc.gov/catdir/enhancements/fy0737/2006042045-b.html |
| 942 |
_cBB _k657ANT _2ddc |
||
| 999 |
_c6436 _d6436 |
||